Allgemeines Fußballwissen - Statistiken

Allgemein
  • Dieses Quiz wurde 521 mal gespielt
  • Das Durchschnittsergebnis liegt bei 6 aus 12
Antwortstatistiken
Frage Antwort % Korrekt
Ich habe die UEFA Champions-League nur mit einem Team gewonnen. Lionel Messi
92%
Ich bin nicht der Rekordmeister in meinem Land.
73%
Ich bin kein Fußballweltmeister Michael Ballack
72%
Ich wurde Meister in England, Deutschland, Frankreich, Spanien und Italien. Carlo Ancelotti
64%
Ich habe mehr CL-Tore erzielt als jeder andere Franzose. Karim Benzema
53%
Alle anderen genannten Personen wurden Weltmeister als Spieler und als Trainer. Nur ich nicht! Vicente del Bosque
46%
Ich halte in der Bundesliga den Rekord für die längste Zeit ohne Gegentor. Timo Hildebrandt
44%
Ich habe die UEFA Champions-League mit drei verschiedenen Clubs gewonnen. Clarence Seedorf
42%
Ich habe nach dem FC Bayern München die meisten DFB-Pokale gewonnen.
41%
Ich habe genauso viele WM-Tore wie Pelé erzielt. Kylian Mbappé
38%
Ich war kein Spieler der "Galácticos" Fabio Cannavaro
25%
Ich bin kein UEFA Champions-League Sieger Pepe Reina
14%
Keine übereinstimmenden Quizze gefunden
Verteilung der Resultate
Anzahl Personen mit jedem Resultat
Perzentil nach korrekt beantworteten Fragen
Ihre Resultats-Entwicklung
Sie haben dieses Quiz noch nicht gespielt